000 00953naa a22002057a 4500
003 BPK
005 20160303121356.0
008 160303b1973 pl ||||| |||| 10| 0 pol
040 _cBPK
080 _a691
100 _aMARCINKOWSKI, Stefan.
_d1969 - 1992.
_bWyższa Szkoła Inżynierska w Koszalinie - Wydział Budownictwa Lądowego,
_cZespół Technologii Materiałów i Elementów Budowlanych
245 _aSpoiwo bezcementowe pyłowo-wapienno-gipsowe jako substytut elementów marek 250 i 350 /
_cStefan Marcinkowski.
260 _c1973.
500 _aDane z kartoteki bpp.
650 0 _aMateriały budowlane.
655 0 _aMateriały konferencyjne.
711 _aKonferencja Naukowa Komitetu Inżynierii PAN i Komitetu Nauki PZTIB
_n(19 ;
_d1973 ;
_cKrynica, Polska).
773 _iW :
_tMateriały XIX Konferencji Naukowej Komitetu Inżynierii PAN i Komitetu Nauki PZTIB. T. 3. -
_dKrynica, 1973. -
_gs. 93097
942 _cART
_2UKD
999 _c7441
_d7441